000 01028nam a2200313 a 4500
001 vtls001360174
003 NLI
005 20210627081536.0
008 120625s1969 ilu f000 0 eng
039 9 _y201206251831
_zVLOAD
040 _aNLI
_beng
_cDatasoft_FOD_6
_eAACR2
041 0 _aeng
044 _a ilu
082 0 4 _a 001.6
100 1 _aLee, P. J.
_9836139
245 1 0 _aFORTRANiv programs for canonical correlation and canonical trend surface analysis /
_cby P. J. Lee ; edited by Daniel F. Merriam ... [et al.]
260 _aLawrence :
_bUniversity of Kansas,
_c1969
300 _a46 p. ;
_c28 cm.
650 0 _aComputer programminges
_9739159
650 0 _aElectronic data processinges
_9739160
650 0 _aProgramming languages (Electronic computers)
_9676287
700 1 _aMerriam, Daniel F.,
_4edt
_9744726
887 _a
901 _aAD 54793
_b13.09.1975
902 _aU.S 001.6 L 514
904 _l6325.
949 _AVIRTUAITEM
_D10002
_X100
_6FOD000054793ENG
942 _2ddc
_cBKS
999 _aVIRTUA40
_c720467
_d720467